stranger things season 4 - Statistics

General Stats
  • This quiz has been taken 299 times
  • The average score is 5 of 10
Answer Stats
Hint Answer % Correct
who is the new bad guy? Vecna
95%
who dies? Eddie
94%
who is Jonathons new friend? Argyle
82%
^^ Chrissy
73%
who ends up in the hospital at the end of the season? Max Mayfield
59%
^^ Jason
47%
who is the bad guy really? 001
28%
^^ Dr. Brenner
28%
who is the new character? Eddie Munson
7%
what is the clock sound? Vecnas curse
1%
No matching quizzes found
Score Distribution
Percent of People with Each Score
Percentile by Number Answered
Your Score History
You have not taken this quiz